| 000 | 00710nam a2200157 4500 | ||
|---|---|---|---|
| 003 | LK-CoMWRAF | ||
| 005 | 20240118133510.0 | ||
| 008 | 231214b |||||||| |||| 00| 0 eng d | ||
| 040 |
_aLK-CoMWRAF _dLK-CoMWRAF _eLK-CoMWRAF |
||
| 041 | _asin | ||
| 082 |
_a303.69 _bRAJ |
||
| 245 |
_aරජය සහ අපි : _bසාමය ගොඩ නැගීමේදී ශ්රී ලාංකිකයන් මුහුණ දෙන අභියෝග දෙකක් |
||
| 246 | _aRajaya saha api : Samaya goda nageemeedi Sri Lankikayan muhuna dena abhiyoga dekak | ||
| 260 |
_aකොළඹ : _bවිළුදු හැකියා ප්රවර් ධන මධ්යස්ථානය |
||
| 942 | _cBK | ||
| 999 |
_c4465 _d4465 |
||